000 02563cam a2200673 4500
001 21454
003 VRT
005 20260302123726.0
008 210906s2018 xr af crhn 000 1cslo
015 _aSNBZSA2021/05
020 _a9788025511022
_q(viazané)
035 _aurn:nbn:sk:snk-am00fh61
035 _aurn:nbn:sk:snk-am3iv1j
035 _a63276D10-E3CD-4A2B-A650-6555654DF920
039 9 _a202512171116
_bcsnk01
_c202310261244
_dAUTHORITY
_c202109061607
_dVLOAD
_c202108271611
_dVLOAD
040 _aTTKJF
_bslo
_cTTKJF
_dSNK
_erda
041 1 _aslo
_kcze
_hita
044 _axr
_cCZ
072 7 _a929
_xBiografie
_2konspekt
080 _a929-055.2
_22011
080 _a929-058.1
_22011
080 _a(0:82-322.6)
_22011
080 _a(092)
_22011
100 1 _aTroiano, Rosalba
_4aut
245 1 0 _a20 výnimočných dievčat, ktoré zmenili svet
_ctext: Rosalba Troiano ; preklad: Jana Chrtianska
246 3 _aDvadsať výnimočných dievčat, ktoré zmenili svet
250 _a1. vydanie
264 1 _aPraha
_bRebo International
_c2018
300 _a88 strán
_bilustrácie, ilustrované listy
_c27 cm
336 _atext
_btxt
_2rdacontent
336 _astatický obraz
_bsti
_2rdacontent
337 _abez média
_bn
_2rdamedia
338 _azväzok
_bnc
_2rdacarrier
490 1 _aNeobyčajné príbehy
500 _aJazyk originálu pravdepodobne taliančina
500 _aPravdepodobne preložené z českého prekladu talianskeho originálu
500 _aObsahuje biografické a profesijné údaje o autorkách ; chronologický prehľad
504 _aObsahuje bibliografiu na strane 87
648 7 _a16.-21. storočie
_2SNKPH
650 0 7 _avýznamné ženy
_2SNKPH
650 0 7 _aosobnosti
_2SNKPH
650 0 7 _aNotable women
_2SNKPHeng
650 0 7 _aCelebrities
_2SNKPHeng
655 7 _abiografické príbehy
_2SNKPH
655 7 _abiografie
_2SNKPH
655 7 _aBiographical stories
_2SNKPHeng
655 7 _aBiography
_2SNKPHeng
700 1 _aBursi, Simona
_4ill
700 1 _aGonano, Maria Ellena
_4ill
700 1 _aManfroi, Patrizia
_4ill
700 1 _aMassari, Alida,
_d1970-
_4ill
700 1 _aSighinolfi, Laura
_4ill
700 1 _aChrtianska, Jana
_4trl
830 0 _aNeobyčajné príbehy
942 _2ddc
_cKLDE
_n0
949 _6273K0666662
_asvkpoC 62124
_bsvkpo658537
_pDotlač 1. vydania 2020
949 _617A1446361
_asnkSB 96242
_bsnk2021/84
_oVydavatelství a nakladatelství Aleš Čeněk27-ah/2Int. č. fa – 77/2019
_pDotlač 1. vydania 2019
_s6100:20210225
999 _c21454
_d21454